Представление документа в формате RUSMARC

ПолеНазваниеЗначение
  Тип записи a
  Библиографический уровень m
001 Контрольный номер RU/IS/BASE/549994728
005 Дата корректировки 20201206205051.0
010 Индекс ISBN __
a ISBN 978-5-4238-0215-8 (в обл.)
d Цена 494-56
100 Данные общей обработки __
a Данные общей обработки 19170605d2012||||||| 0rusy0189 ca
101 Язык документа 1_
a Язык текста rus
c Язык оригинала ger
102 Страна публикации __
a Страна публикации ru
105 Кодированные данные (монография) __
a Кодированные данные (монография) ao||||||000zy
200 Заглавие и сведения об ответственности 1_
a Заглавие Кавалетти. Выездка и прыжки
e Сведения, относящиеся к заглавию техника прыжка : [12+]
f Первые сведения об ответственности Ингрид и Райнер Климке ; фотоснимки: В. Ернста, Н. Шампера ; рисунки Г. Хольштайн ; компьютерная графика М. Фишера ; [перевод с немецкого С. Казанцевой]
b Общее обозначение материала Текст
210 Выходные данные __
a Место издания Москва
c Издательство Аквариум
d Дата издания 2012
215 Физическое описание __
a Объем 205 с.
c Иллюстрации/тип воспроизводства ил., фот.
d Формат 20 см
225 Серия __
a Серия Планета лошадей
300 Общие примечания __
a Общие примечания Тираж не указан
330 Аннотация __
a Аннотация Накопленный опыт подготовки всадников и лошадей известного победителя различных конных состязаний Р. Климке и его дочери с помощью кавалетти для полевой езды и преодоления препятствий авторы передают читателю. Часть настоящей книги, в которой освещаются гимнастические упражнения - прыжки, получила полностью новое оформление. Это было необходимо, так как началась новая эра в развитии этой сферы, которая основывается на совокупности идей немецкой кавалерийской школы и использует возможности, которые нам предлагает современное разведение спортивных лошадей.
333 Примечание о целевом назначении __
a Примечание о целевом назначении 12+. Для детей старше 12 лет
517 Другие варианты заглавия __
a Другие варианты заглавия Выездка и прыжки
606 Тематические рубрики __
a Основная рубрика Сельское хозяйство
606 Тематические рубрики __
a Основная рубрика Лошади
606 Тематические рубрики __
a Основная рубрика Физическая культура и спорт
606 Тематические рубрики __
a Основная рубрика Конный спорт
610 Ключевые слова __
a Ключевые слова кавалетти
a Ключевые слова конный спорт
a Ключевые слова лошади
a Ключевые слова обучение всадника
a Ключевые слова обучение лошади
a Ключевые слова прыжки
a Ключевые слова спортивное коневодство
a Ключевые слова техника прыжков
a Ключевые слова тренировки
a Ключевые слова тренировка лошадей
686 Индексы других классификаций __
2 Код системы rubbks
a Классификационный индекс 46.119
686 Индексы других классификаций __
2 Код системы rubbks
a Классификационный индекс 75.722; ст46.1 + ст75.722
700 Автор _1
a Фамилия Климке
b Имя И.
g Полное личное имя Ингрид
4 Код отношения 070
701 Альтернативная интеллектуальная ответственность _1
a Фамилия Климке
b Имя Р.
4 Код отношения 070
702 Вторичная интеллектуальная ответственность _1
a Фамилия Ернста
b Имя В.
4 Код отношения Фотограф
4 Код отношения 600
702 Вторичная интеллектуальная ответственность _1
a Фамилия Шампер
b Имя Н.
4 Код отношения Фотограф
4 Код отношения 600
702 Вторичная интеллектуальная ответственность _1
a Фамилия Хольштайн
b Имя Г.
4 Код отношения Иллюстратор
4 Код отношения 440
702 Вторичная интеллектуальная ответственность _1
a Фамилия Казанцева
b Имя С.
4 Код отношения Переводчик
4 Код отношения 730
801 Источник записи _0
a Страна ru
b Организация Муниципальное бюджетное учреждение культуры "Централизованная библиотечная система" г. Сургут (Центральная городская библиотека им. А. С. Пушкина)
c Дата составления 20170605
g Правила каталогизации КиК/Апакова
801 Источник записи _1
a Страна ru
b Организация Муниципальное бюджетное учреждение культуры "Централизованная библиотечная система" г. Сургут (Центральная городская библиотека им. А. С. Пушкина)
c Дата составления 20170605
g Правила каталогизации КиК/Апакова
852 Данные о местонахождении __
j Шифр хранения 46.119
i Авторский знак К 49
901 Тип документа __
t Тип документа m
903 Характеристики (МАРС) __
a Дата передачи 20170605
990 Данные о заказе (DOS) __
j Количество экземпляров (DOS) 2
t N записи в КСУ для И/У (DOS) 201706